000 00562nmm a2200205Ia 4500
008 251105s9999||||xx |||||||||||||||||und||
020 _a9788417624415
041 _aspa
100 _aPowell, Laura
245 0 _aLa última duquesa
264 _a[Madrid, España] :
_bSiruela,
_c2019
300 _a212 páginas
490 _aLas tres edades
650 _aTeen & Young Adult Fiction
700 _aPowell, Laura
700 1 _a Gibb, Sarah
700 1 _a Porras Sánchez, María
856 _uhttps://public.digitaliapublishing.com/a/68430
942 _cCF
999 _c70138
_d70138